000
00338pab a2200145 454500
008
180718b1988 xxu||||| |||| 00| 0 eng d
100
_a
Banerjee, G.
245
_a
Expenditure tax act, 1987
260
_c
1988
300
_a
455-57,63
362
_a
Nov.
650
_a
Taxation - India
773
_a
Chartered Accountant
909
_a
19007
999
_c
19007
_d
19007